01120nas a2200301 4500001001300000003000900013005001700022007000300039008003400042040005400076041000900130072001800139100002100157100001700178100001700195100001900212100001800231245014200249650002300391650002900414650001900443650001800462773011500480909004000595942001800635999001900653952014600672BR2012007064BR-BrBNA20231205121347.0ta230509b bl.|||p| |||| 00| 00por d aBR-BrBNAbporcBiblioteca Nacional de Agricultura a(Pt) aF01; J15; F601 aSantos, J.S. dos1 aFinger, F.L.1 aVieira, L.M.1 aMendes, T.D.C.1 aBarbosa, J.G.1 aCapacidade de reidratação e influência do corte no restabelecimento do fluxo de água em inflorescências de Epidendrum ibaguense aFISIOLOGIA VEGETAL aTRANSPIRAÇÃO VEGETAL aTEOR DE ÁGUA aARMAZENAMENTO0 tRevista Brasileira de Horticultura Ornamental (Brazil)xISSN 1809-6093g(2012), v.18(1) p. 15-22wBR2012007064 a202311bLúciac55dLúcia Elande 2AGRISn0cANA c223150d223150 002AGRIS4071a41918b41918cPeriódicos Agrícolash(2012), v.18(1) p. 15-22l0r2023-11-29t01yCRePortaria Interministerial nº 164/94